000 00537nam a22001697a 4500
005 20251108171021.0
008 250721s1982 xx 000 0 ara d
082 1 4 _aم/414/علو
100 1 _aالعلوي، يحيى بن حمزة
245 1 0 _aالطراز المتضمن لأسرار البلاغة و علوم حقائق الإعجاز /
264 1 _aبيروت :
_bدار الكتب العلمية،
_c1982.
300 _a3مج
650 1 7 _aلغة عربية
650 1 7 _aبلاغة
942 _2ddc
_cREF
999 _c54494
_d54494